All 2 Letter Words - Statistics

General Stats
  • This quiz has been taken 88 times
    9 since last reset
  • The average score is 28 of 34
Answer Stats
Answer % Correct
as
100%
at
100%
in
100%
is
100%
it
100%
me
100%
no
100%
of
100%
oh
100%
on
100%
so
100%
am
88%
an
88%
aw
88%
be
88%
go
88%
he
88%
hi
88%
if
88%
my
88%
or
88%
ow
88%
pi
88%
to
88%
us
88%
we
88%
ai
75%
by
75%
do
75%
id
75%
ex
38%
um
38%
up
38%
sh
13%
No matching quizzes found
Score Distribution
Percent of People with Each Score
Percentile by Number Answered
Your Score History
You have not taken this quiz since the last reset